The philosophy of Mr. Nehru: as revealed in a series of intimate talks with R. K. Karanjia / (Record no. 25754)
[ view plain ]
| 000 -LEADER | |
|---|---|
| fixed length control field | 00726cam a2200229u 4500 |
| 001 - CONTROL NUMBER | |
| control field | 25754 |
| 003 - CONTROL NUMBER IDENTIFIER | |
| rucl marc code | BD-RjUL |
| 005 - DATE AND TIME OF LATEST TRANSACTION | |
| control field | 20211209050925.0 |
| 008 - FIXED-LENGTH DATA ELEMENTS--GENERAL INFORMATION | |
| fixed length control field | 140319s1966 enk 000 0aeng |
| 035 ## - SYSTEM CONTROL NUMBER | |
| System control number | (BD-RjUL)25824 |
| 040 ## - CATALOGING SOURCE | |
| Original cataloging agency | DLC |
| Transcribing agency | CarP |
| Modifying agency | DLC |
| Language of cataloging | eng |
| 041 ## - LANGUAGE CODE | |
| Language code of text/sound track or separate title | eng |
| 082 ## - DEWEY DECIMAL CLASSIFICATION NUMBER | |
| Classification number | 954.084 |
| Author mark and year | NEP 1966 |
| 100 1# - MAIN ENTRY--PERSONAL NAME | |
| Personal name | Nehru, Jawaharlal, |
| Dates associated with a name | 1889-1964. |
| 9 (RLIN) | 79104 |
| 245 14 - TITLE STATEMENT | |
| Title | The philosophy of Mr. Nehru: as revealed in a series of intimate talks with R. K. Karanjia / |
| Statement of responsibility, etc. | Jawaharlal Nehru |
| 260 ## - PUBLICATION, DISTRIBUTION, ETC. (IMPRINT) | |
| Place of publication, distribution, etc. | London : |
| Name of publisher, distributor, etc. | Allen & Unwin, |
| Date of publication, distribution, etc. | 1966. |
| 300 ## - PHYSICAL DESCRIPTION | |
| Pagination | 3-162 p. : |
| Illustrations | front. ; |
| Size | 23 cm. |
| 700 1# - ADDED ENTRY--PERSONAL NAME | |
| Personal name | Karanjia, R. K. |
| Fuller form of name | (Rustom Khurshedji), |
| Dates associated with a name | 1912-2008. |
| 942 ## - ADDED ENTRY ELEMENTS (KOHA) | |
| Source of classification or shelving scheme | Dewey Decimal Classification |
| Koha item type | Books |
| Lost status | Source of classification or shelving scheme | Damaged status | Not for loan | Collection code | Permanent Location | Current Location | Shelving location | Date acquired | Source of acquisition | Cost, normal purchase price | Total Checkouts | Full call number | Date last seen | Copy number | Koha item type |
|---|---|---|---|---|---|---|---|---|---|---|---|---|---|---|---|
| Dewey Decimal Classification | Added to bundle | Non-fiction | Central Library, University of Rajshahi | Central Library, University of Rajshahi | Reading Room | 30/03/1967 | pak American commiercial , karachi | 13.50 | 954.084 NEP 1966 | 19/03/2014 | C-1 | Books | |||
| Dewey Decimal Classification | Non-fiction | Central Library, University of Rajshahi | Central Library, University of Rajshahi | 13/05/1968 | Zetlinger | 18.00 | 954.084 NEP 1966 | 23/03/2014 | C-6 | Books |